MARC details
| 000 -LEADER |
| fixed length control field |
02278nam a22003497a 4500 |
| 001 - CONTROL NUMBER |
| control field |
104786 |
| 003 - CONTROL NUMBER IDENTIFIER |
| control field |
KnowledgeUnlatched |
| 005 - DATE AND TIME OF LATEST TRANSACTION |
| control field |
20210303105133.0 |
| 006 - FIXED-LENGTH DATA ELEMENTS--ADDITIONAL MATERIAL CHARACTERISTICS |
| fixed length control field |
m o d |
| 007 - PHYSICAL DESCRIPTION FIXED FIELD--GENERAL INFORMATION |
| fixed length control field |
cr u|||||||||| |
| 008 - FIXED-LENGTH DATA ELEMENTS--GENERAL INFORMATION |
| fixed length control field |
210129p20172019nyu o u00| u eng d |
| 037 ## - SOURCE OF ACQUISITION |
| Institution to which field applies |
BiblioBoard |
| 020 ## - INTERNATIONAL STANDARD BOOK NUMBER |
| International Standard Book Number |
9781789200157 |
| 029 1# - OTHER SYSTEM CONTROL NUMBER (OCLC) |
| OCLC library identifier |
https://library.biblioboard.com/ext/api/media/16c0db7a-a556-4660-9662-bb69d938b6de/assets/thumbnail.jpg |
| 040 ## - CATALOGING SOURCE |
| Original cataloging agency |
ScCtBLL |
| Transcribing agency |
ScCtBLL |
| 100 1# - MAIN ENTRY--PERSONAL NAME |
| Personal name |
MacKellar, Calum |
| Relator term |
author. |
| 245 00 - TITLE STATEMENT |
| Title |
Cyborg Mind |
| Remainder of title |
What Brain-Computer and Mind-Cyberspace Interfaces Mean for Cyberneuroethics / |
| Statement of responsibility, etc. |
Calum MacKellar. |
| 264 #1 - PRODUCTION, PUBLICATION, DISTRIBUTION, MANUFACTURE, AND COPYRIGHT NOTICE |
| Name of producer, publisher, distributor, manufacturer |
Berghahn Books, |
| 300 ## - PHYSICAL DESCRIPTION |
| Extent |
1 online resource (264 p.) |
| 506 0# - RESTRICTIONS ON ACCESS NOTE |
| Terms governing access |
Access copy available to the general public. |
| Standardized terminology for access restriction |
Unrestricted |
| Source of term |
star |
| 520 ## - SUMMARY, ETC. |
| Summary, etc. |
Should people hardwire computers into their brains, enabling their minds to directly access cyberspace? What advantages and risks would this represent? Would this create a new humanity? These questions have been considered and discussed in science fiction for decades, but technology is beginning to make such developments seem remarkably plausible. This book examines what is currently taking place in this fast-developing sector of society while looking at future prospects. In so doing it seeks to integrate technological and scientific developments, political debate as well as philosophical interrogation while involving ethicists, policy makers, journalists, and practitioners. It is the first extensive study on a topic that is certain to significantly impact the 21st century and beyond. It opens the first door to this important debate. |
| 588 0# - SOURCE OF DESCRIPTION NOTE |
| Source of description note |
Description based on print version record. |
| 590 ## - LOCAL NOTE (RLIN) |
| Local note |
KU Select 2017: Front list Collection |
| 650 #7 - SUBJECT ADDED ENTRY--TOPICAL TERM |
| Topical term or geographic name entry element |
Technology & Engineering |
| Source of heading or term |
bisacsh |
| 650 #0 - SUBJECT ADDED ENTRY--TOPICAL TERM |
| Topical term or geographic name entry element |
Technology |
| 655 #0 - INDEX TERM--GENRE/FORM |
| Genre/form data or focus term |
Electronic books. |
| 758 ## - |
| -- |
Is found in: |
| -- |
Knowledge Unlatched |
| -- |
https://openresearchlibrary.org/module/2774bc74-146a-484f-a7ba-ab1d6a09bbfb |
| 856 40 - ELECTRONIC LOCATION AND ACCESS |
| Uniform Resource Identifier |
<a href="https://openresearchlibrary.org/content/16c0db7a-a556-4660-9662-bb69d938b6de">https://openresearchlibrary.org/content/16c0db7a-a556-4660-9662-bb69d938b6de</a> |
| Public note |
View this content on Open Research Library. |
| -- |
0 |